Los informes comerciales y el derecho a la informacion

Detalles Bibliográficos
Autor principal: Ruiz Martn̕ez, Esteban
Formato: Desconocido
Lenguaje:español
Publicado: [Barcelona] : VLex, 2001
Materias:
Acceso en línea:Acceso restringido

MARC

LEADER 00000ny a22000003n 4500
005 20110606131735.0
008 080630s2001 sp s 000 0 spa c
020 |a 9789505691272 
035 |a 56 
040 |a UMA.RE  |d vLex 
080 |a 342.738(0.034) 
080 |a 366(0.034) 
090 |c 489  |d 489 
100 1 |a Ruiz Martn̕ez, Esteban 
245 1 4 |a Los informes comerciales y el derecho a la informacion  |h [Recurso electrn̤ico]  |c Esteban Ruiz Martn̕ez 
256 |a Servicio en ln̕ea 
260 |a [Barcelona] :  |b VLex,  |c 2001 
506 1 |a Contenido solo disponible en los productos indicados  |d vLex Global  |d vLex Global (Academic Edition, excluding Law Schools)  |d vLex Global (U.S. Academic Edition, Law Schools)  |d vLex Global (U.S. Academic Edition, excluding Law Schools)  |d vLex Global (Academic Edition, Law Schools) 
650 0 4 |a Proteccin̤ de la informacin̤ (Informt̀ica)  |2 Tesauro vLex 
650 0 4 |a Mercantil  |2 Tesauro vLex 
740 0 |a vLex Libros (Servicios en ln̕ea) 
856 4 0 |u http://vlex.com/source/56  |z Acceso restringido 
942 |c BOOK 
999 0 |a Data protection  |b Barcelona